00331pab a2200133 454500008004000000100002100040245005000061260000900111300000900120362000900129650002400138700002000162773001500182180718b1988 xxu||||| |||| 00| 0 eng d aGazell, James A. aExpansion of centralized presidential control c1988 a30-6 aFall aPresidents - U.S.A. aDarrell L. Pugh aBureaucrat